<?xml version="1.0" encoding="UTF-8"?>
<record
    xmlns:xsi="http://www.w3.org/2001/XMLSchema-instance"
    xsi:schemaLocation="http://www.loc.gov/MARC21/slim http://www.loc.gov/standards/marcxml/schema/MARC21slim.xsd"
    xmlns="http://www.loc.gov/MARC21/slim">

  <leader>00879nam a2200265 i 4500</leader>
  <controlfield tag="001">192078</controlfield>
  <controlfield tag="003">ES-MaACL</controlfield>
  <controlfield tag="005">20240130194050.0</controlfield>
  <controlfield tag="008">221103s2022    sp            000 0aspa</controlfield>
  <datafield tag="017" ind1=" " ind2=" ">
    <subfield code="a">M 6355-2022 </subfield>
    <subfield code="b">Oficina Dep&#xF3;sito Legal Madrid</subfield>
  </datafield>
  <datafield tag="020" ind1=" " ind2=" ">
    <subfield code="a">978-84-1384-335-3</subfield>
  </datafield>
  <datafield tag="040" ind1=" " ind2=" ">
    <subfield code="c">ES-MaACL</subfield>
  </datafield>
  <datafield tag="080" ind1=" " ind2=" ">
    <subfield code="a">929 Amat, N&#xFA;ria</subfield>
  </datafield>
  <datafield tag="100" ind1="1" ind2=" ">
    <subfield code="a">Amat, N&#xFA;ria.</subfield>
    <subfield code="9">21132</subfield>
    <subfield code="e">aut</subfield>
  </datafield>
  <datafield tag="245" ind1="1" ind2="0">
    <subfield code="a">Memorias de una mujer libre / </subfield>
    <subfield code="c">N&#xFA;ria Amat.</subfield>
  </datafield>
  <datafield tag="250" ind1=" " ind2=" ">
    <subfield code="a">1&#xAA; edici&#xF3;n.</subfield>
  </datafield>
  <datafield tag="260" ind1=" " ind2=" ">
    <subfield code="a">Madrid : </subfield>
    <subfield code="b">La Esfera de los Libros, </subfield>
    <subfield code="c">2022.</subfield>
  </datafield>
  <datafield tag="300" ind1=" " ind2=" ">
    <subfield code="a">438 p&#xE1;ginas ; </subfield>
    <subfield code="c">24 cm.</subfield>
  </datafield>
  <datafield tag="600" ind1="1" ind2="4">
    <subfield code="a">Amat, N&#xFA;ria.</subfield>
    <subfield code="9">21132</subfield>
  </datafield>
  <datafield tag="655" ind1=" " ind2="7">
    <subfield code="9">226823</subfield>
    <subfield code="a">Autobiograf&#xED;as</subfield>
  </datafield>
  <datafield tag="852" ind1="4" ind2=" ">
    <subfield code="a">ES-MaACL</subfield>
    <subfield code="j">N-8040     </subfield>
    <subfield code="9">199360</subfield>
    <subfield code="g">Dedicatoria aut&#xF3;grafa de la autora</subfield>
    <subfield code="c">DEPOJ</subfield>
    <subfield code="b">R. 153358</subfield>
    <subfield code="h">Donaci&#xF3;n: N&#xFA;ria Amat</subfield>
  </datafield>
  <datafield tag="903" ind1=" " ind2=" ">
    <subfield code="9">21132</subfield>
    <subfield code="a">Amat, N&#xFA;ria</subfield>
    <subfield code="e">dnr</subfield>
  </datafield>
  <datafield tag="942" ind1=" " ind2=" ">
    <subfield code="c">MONOGRAFIA</subfield>
    <subfield code="n">0</subfield>
  </datafield>
  <datafield tag="999" ind1=" " ind2=" ">
    <subfield code="c">192078</subfield>
    <subfield code="d">192078</subfield>
  </datafield>
  <datafield tag="952" ind1=" " ind2=" ">
    <subfield code="0">0</subfield>
    <subfield code="1">0</subfield>
    <subfield code="2">udc</subfield>
    <subfield code="4">0</subfield>
    <subfield code="7">0</subfield>
    <subfield code="8">Librosdedicados</subfield>
    <subfield code="a">ATENEOM</subfield>
    <subfield code="b">ATENEOM</subfield>
    <subfield code="c">DEPOJ</subfield>
    <subfield code="d">2022-11-03</subfield>
    <subfield code="e">DONACION</subfield>
    <subfield code="l">0</subfield>
    <subfield code="o">N-8040</subfield>
    <subfield code="p">101206482</subfield>
    <subfield code="r">2023-02-23 00:00:00</subfield>
    <subfield code="y">MONOGRAFIA</subfield>
    <subfield code="z">Dedicatoria aut&#xF3;grafa de la autora</subfield>
  </datafield>
</record>
